|
|
|
|
| LEADER |
00000cam a2200000 a 4500 |
| 001 |
vtls010027645 |
| 003 |
SK-MaSNL |
| 005 |
20260331205358.0 |
| 008 |
180730s2009 xo g b 001 0 slo |
| 015 |
|
|
|a SNBA2010/03-01281
|
| 020 |
|
|
|a 9788080858698
|q (viaz.)
|
| 035 |
|
|
|a F679E60A-9CAD-4C2E-87ED-2425790ADE63
|
| 035 |
|
|
|a urn:nbn:sk:snk-amk9ko
|
| 035 |
|
|
|a urn:nbn:sk:snk-am008ahe
|
| 040 |
|
|
|a SNK
|b slo
|c SNK
|e AACR2
|
| 041 |
0 |
|
|a slo
|
| 043 |
|
|
|a e-cs---
|
| 044 |
|
|
|a xo
|c SK
|
| 072 |
|
7 |
|a 32
|x Politika
|2 konspekt
|
| 072 |
|
7 |
|a 929
|x Biografie
|2 konspekt
|
| 080 |
|
|
|a 929
|2 2001
|
| 080 |
|
|
|a (437.3)
|2 2001
|
| 080 |
|
|
|a (437.6)
|2 2001
|
| 080 |
|
|
|a (084.12)
|2 2001
|
| 080 |
|
|
|a (0:82.2)
|2 2001
|
| 080 |
|
|
|a 32-051(437.6)
|2 2001
|
| 080 |
|
|
|a 929 Dubček, Alexander
|2 2001
|
| 100 |
1 |
|
|a Kállay, Karol,
|d 1926-2012
|4 pht
|9 93736
|
| 245 |
1 |
0 |
|a Alexander Dubček
|b posledná kapitola
|c Karol Kállay, Ľubomír Feldek
|
| 250 |
|
|
|a 1. vyd.
|
| 260 |
|
|
|a Bratislava
|b Slovart
|c 2009
|
| 300 |
|
|
|a 134 s.
|b fotogr.
|c 24 cm
|
| 504 |
|
|
|a Bibliogr. s. 357-359
|
| 600 |
1 |
7 |
|a Dubček, Alexander,
|d 1921-1992
|2 SNKMA
|9 115229
|
| 650 |
0 |
7 |
|a politici
|2 SNKPH
|9 2679
|
| 650 |
0 |
7 |
|a Nežná revolúcia (1989 : Československo)
|2 SNKPH
|9 176560
|
| 651 |
|
7 |
|a Československo
|2 SNKPH
|9 21376
|
| 651 |
|
7 |
|a Slovensko
|2 SNKPH
|9 14231
|
| 655 |
|
7 |
|a fotografické publikácie
|2 SNKPH
|9 70483
|
| 655 |
|
7 |
|a eseje
|2 SNKPH
|9 57030
|
| 700 |
1 |
|
|a Feldek, Ľubomír,
|d 1936-
|4 aut
|9 89477
|
| 852 |
|
|
|a Štátna vedecká knižnica v Banskej Bystrici
|
| 919 |
|
|
|a 978-80-8085-869-8
|
| 958 |
|
|
|a NB
|
| 958 |
|
|
|a BX
|
| 968 |
|
|
|d 32
|
| 999 |
|
|
|c 660366
|d 662296
|
| 952 |
|
|
|a SNK
|b SNK
|y VYP
|7 0
|p 17A0570604
|o snkSC 138696 D2
|i snk2010/1061
|8 3
|g 14.95
|0 0
|1 0
|4 0
|d 2010-01-20
|l 0
|r 2026-02-23 18:51:44
|w 2026-02-23
|
| 952 |
|
|
|a SNK
|b SNK
|y PREZ
|7 0
|p 17A0645678
|o snkSC 138696
|i snk2010/3001
|8 0
|0 0
|1 0
|4 0
|d 2010-02-15
|l 0
|r 2017-06-30 00:00:00
|w 2026-02-23
|
| 952 |
|
|
|a SNK
|b SNK
|y VYP
|7 0
|p 17A0645679
|o snkSC 138696 D1
|i snk2010/3002
|8 0
|0 0
|1 0
|4 0
|d 2010-02-15
|f 1
|l 0
|r 2026-02-23 18:51:44
|w 2026-02-23
|